Auburn Head Football Coaches by Picture - Statistics

General Stats
  • This quiz has been taken 56 times
  • The average score is 10 of 29
Answer Stats
Picture Hint Answer % Correct
2023-Present Hugh Freeze
96%
2013-2020 Gus Malzahn
89%
2009-2012 Gene Chizik
87%
2021-2022 Bryan Harsin
83%
2022 Cadillac Williams
81%
1999-2008 Tommy Tuberville
81%
1981-1992 Pat Dye
72%
1951-1975 Ralph Jordan
68%
1993-1998 Terry Bowden
51%
1895-1899 John Heisman
47%
2020 Kevin Steele
43%
1976-1980 Doug Barfield
21%
1904-1906 | 1908-1922 Mike Donahue
19%
1892 George Petrie
17%
1998 Bill Oliver
13%
1948-1950 Earl Brown
13%
1944-1947 Carl M. Voyles
11%
1934-1942 Jack Meagher
11%
1923-1924 | 1927 Boozer Pitts
6%
1930-1933 Chet A. Wynne
6%
1893 D. M. Balliet
6%
1928-1929 George Bohler
6%
1925-1927 Dave Morey
4%
1894 Forrest M. Hall
4%
1893 George Roy Harvey
4%
1929 Johnny Floyd
4%
1902 Ralph S. Kent
4%
1903 William Penn Bates
4%
1907 Willis Kienholz
4%
No matching quizzes found
Score Distribution
Percent of People with Each Score
Percentile by Number Answered
Your Score History
You have not taken this quiz